书目信息 |
| 题名: |
职业生涯开发与管理
|
|
| 作者: | 龙立荣 | |
| 分册: | ||
| 出版信息: | 武昌 华中师范大学 2002 |
|
| 页数: | 196页 | |
| 开本: | 19cm | |
| 丛书名: | 心理学研究系列 | |
| 单 册: | ||
| 中图分类: | C914 | |
| 科图分类: | ||
| 主题词: | 社会学 | |
| 电子资源: | ||
| ISBN: | 7-5622-2553-2 | |
| 000 | 00681nam0 2200217 450 | |
| 001 | 0753865015 | |
| 005 | 20070818145745.01 | |
| 010 | @a7-5622-2553-2@d¥13.00 | |
| 100 | @a20070818d km y0chiy0120 ea | |
| 101 | 0 | @achi |
| 200 | 1 | @a职业生涯开发与管理@Azhi ye sheng ya kai fa yu guan li@e管理的结构及其关系研究@f龙立荣@Flong li rong |
| 210 | @a武昌@c华中师范大学@d2002 | |
| 215 | @a196页@d19cm | |
| 225 | 2 | @a心理学研究系列 |
| 410 | 0 | @12001 @a心理学研究系列 |
| 517 | 1 | @a管理的结构及其关系研究@Aguan li de jie gou ji qi guan xi yan jiu |
| 606 | 0 | @a社会学 |
| 690 | @aC914@v3 | |
| 701 | 0 | @a龙立荣@Along li rong |
| 801 | 0 | @aCN@bPFT@c20070818 |
| 905 | @a213230@dC914@ee56@f1 | |
| 职业生涯开发与管理:管理的结构及其关系研究/龙立荣.-武昌:华中师范大学,2002 |
| 196页;19cm.-(心理学研究系列) |
| ISBN 7-5622-2553-2:¥13.00 |
| ● |
| 相关链接 |
|
|
|
|
正题名:职业生涯开发与管理
索取号:C914/e56
 
预约/预借
| 序号 | 登录号 | 条形码 | 馆藏地/架位号 | 状态 | 备注 |
| 1 | 6301455 | 263014552 | 教育系资料室/ [索取号:C914/e56] | 在馆 |